00321nam a2200121Ia 4500008004100000041000800041082001600049100001900065245004000084260003900124300002900163365000700192240624s9999 xx 000 0 und d aeng a658.007 CHA aCHATURVEDI D D aRESEARCH IN COMMERCE AND MANAGEMENT c1998aNew DelhibAnmol Publication ax, : 434 : p. : cm. ; 23 cRS